[Event "WEM-IMT 2018"]
[Site "Illertissen"]
[Date "2018.08.25"]
[Round "1"]
[White "Pikula, Dejan"]
[Black "Sinz, Bernhard"]
[Result "0-1"]
[WhiteElo "2466"]
[BlackElo "2377"]
[Annotator "TA"]
[PlyCount "46"]
[EventDate "2018.08.25"]
[EventType "tourn"]
[EventCountry "GER"]
[SourceTitle "playchess.com"]
[Source "ChessBase"]
[SourceQuality "1"]

{[%evp 22,46,27,22,32,0,16,28,52,10,100,104,95,64,64,65,67,0,23,15,71,0,0,0,0,0,-20]} 1. e4 e5 2. Nf3 Nc6 3. Bc4 Nf6 4. d3 Be7 5. O-O O-O 6. Re1 d6 7. a4 Kh8 8. c3 Ng8 {C55: Two Knights: 4 d3, 4 d4 exd4 5 e5 and Max Lange Attack} 9. d4 (9. a5 a6 10. d4 f5 11. dxe5 fxe4 12. Rxe4 Rxf3 13. gxf3 Nxe5 14. Rxe5 dxe5 15. Qxd8 Bxd8 16. Nd2 {½-½ (40) Harikrishna,P (2753)-Fressinet,L (2700) Huaian 2016}) 9... f5 10. dxe5 fxe4 11. Rxe4 Rxf3 12. gxf3 {LiveBook: 4 Games} Nxe5 13. Bf1 {[#]} Qe8 $146 ({Predecessor:} 13... Bf5 14. Re1 Qe8 15. Nd2 Qg6+ 16. Kh1 {0-1 (59) Kaasen,T (2371)-Shevchenko,K (2531) Jermuk 2017}) 14. Bf4 Qg6+ 15. Kh1 Nf6 (15... Bg5 $11 {remains equal.}) 16. Re1 $16 Bd7 {[#] Strongly threatening ...Nxf3!} 17. Nd2 Bc6 18. Bxe5 dxe5 19. Bg2 ({Don't go for} 19. Rxe5 $2 Ng4 $19) ({Better is} 19. Bb5 $14) 19... Rd8 {Threatens to win with ...Nh5.} 20. Rxe5 Nd5 (20... Nh5 $11 {keeps the balance.}) 21. Re4 ({White should play} 21. Qb1 $16) 21... Qh6 $11 {The position is equal.} 22. Qe1 {[#] Nc4 is the strong threat.} Bd6 {[%csl Gd6][%cal Rh6h2]} 23. Nf1 $1 Nf4 {[%mdl 32768] Precision: White = 52%, Black = 53%. . Loss on Time!?} 0-1

[Event "WEM-IMT 2018"]
[Site "Illertissen"]
[Date "2018.08.25"]
[Round "1"]
[White "Krassowizkij, Jaroslaw"]
[Black "Ochsner, Bjorn Moller"]
[Result "1/2-1/2"]
[WhiteElo "2439"]
[BlackElo "2462"]
[Annotator "TA"]
[PlyCount "50"]
[EventDate "2018.08.25"]
[EventType "tourn"]
[EventCountry "GER"]
[SourceTitle "playchess.com"]
[Source "ChessBase"]
[SourceQuality "1"]

{[%evp 20,50,24,10,14,14,14,0,0,10,14,17,10,13,21,10,12,0,-5,0,-5,-8,-9,-7,-6,-13,-11,-25,0,-12,0,-25,0]} 1. d4 Nf6 2. c4 e6 3. Nc3 Bb4 4. Nf3 d5 5. Bg5 h6 6. Bxf6 Qxf6 7. e3 O-O 8. Rc1 dxc4 9. Bxc4 c5 {D38: Queen's Gambit Declined: Ragozin Defence (4 Nf3 Bb4)} 10. dxc5 Nd7 11. O-O {LiveBook: 5 Games} Bxc3 {The position is equal.} (11... Nxc5 12. Nb5 a6 13. Nbd4 b5 14. Be2 e5 15. Nc2 Rd8 16. Nxb4 Rxd1 17. Rfxd1 {1-0 (64) Carlsen,M (2842)-Navara,D (2741) Biel 2018}) 12. Rxc3 {And now Qd6 would win.} Nxc5 13. Be2 b6 14. Qd4 Qxd4 $146 ({Predecessor:} 14... Qe7 15. b4 Rd8 16. Qe5 Ba6 17. Bxa6 Nxa6 {½-½ (24) Kolpak,S (2330)-Calio,M (2313) ICCF email 2015}) 15. Nxd4 a5 16. Bf3 Ba6 17. Bxa8 {[#] Black must now prevent Bf3.} Bxf1 18. Bc6 Ba6 19. f4 Rd8 20. a3 a4 21. h4 $1 f6 22. Kh2 Rd6 23. Ba8 Rd8 24. Bc6 Rd6 25. Ba8 Rd8 {Precision: White = 60%, Black = 81%.} 1/2-1/2

[Event "WEM-IMT 2018"]
[Site "Illertissen"]
[Date "2018.08.25"]
[Round "1"]
[White "Haba, Petr"]
[Black "Fischer, Sebastian"]
[Result "1/2-1/2"]
[WhiteElo "2436"]
[BlackElo "2292"]
[Annotator "TA"]
[PlyCount "61"]
[EventDate "2018.08.25"]
[EventType "tourn"]
[EventCountry "GER"]
[SourceTitle "playchess.com"]
[Source "ChessBase"]
[SourceQuality "1"]

{[%evp 15,61,17,26,18,18,14,17,-8,-1,-6,-3,-7,-7,-4,-10,-29,-22,-27,-20,-110,-66,-71,-23,-34,-32,-31,-17,-10,-8,-14,-10,-28,-24,-43,-5,-3,0,0,0,0,0,0,0,0,0,-13,-8,-7]} 1. e4 d5 2. exd5 Qxd5 3. Nc3 Qa5 4. d4 Nf6 5. Nf3 Bf5 6. Bc4 e6 7. O-O Nc6 {B01: Scandinavian Defence} (7... c6 8. h3 Bb4 9. Ne2 Bd6 10. a3 Qc7 11. Nh4 Bg6 12. Nxg6 hxg6 13. Re1 Nbd7 14. Qd3 O-O 15. Qf3 Rae8 16. Ba2 {0-1 (49) Moussard,J (2567)-Lubbe,N (2515) Bastia 2017}) 8. Bd2 Bb4 {LiveBook: 12 Games} 9. Bb5 O-O {[#] White must now prevent ...Bxc3.} 10. Bxc6 bxc6 11. Ne5 c5 $146 ({Predecessor:} 11... Qa6 12. g4 Bg6 13. g5 Bxc3 14. gxf6 Bxb2 15. fxg7 {0-1 (22) Grela,K (2002)-Nurkiewicz,M (2390) Gora Sw Anny 2014}) 12. Nc6 Qa6 $1 {[%cal Ra6c6]} 13. Ne7+ Kh8 14. Nxf5 exf5 15. Ne2 {White wants to play c3.} Bxd2 16. Qxd2 Rad8 17. Ng3 (17. Qd3 $11 {remains equal.} Qxd3 18. cxd3) 17... Rxd4 18. Qc3 Qc4 (18... Rd5 {looks sharper.} 19. Rfd1 Rfd8 20. Rxd5 Rxd5 21. Nf1 f4) 19. Nxf5 Qxc3 20. bxc3 Rc4 21. Ne3 Rxc3 22. Rfb1 Ra3 23. Rb3 Ra4 24. f3 c6 25. Rc3 {The position is equal.} Nd5 26. Nxd5 cxd5 27. Rxc5 d4 28. c3 dxc3 29. Rxc3 g6 30. Rc2 Kg7 31. Rb1 {Precision: White = 39%, Black = 79%.} 1/2-1/2

[Event "WEM-IMT 2018"]
[Site "Illertissen"]
[Date "2018.08.25"]
[Round "1"]
[White "Hirneise, Jens"]
[Black "Kvetny, Mark"]
[Result "1-0"]
[WhiteElo "2344"]
[BlackElo "2421"]
[Annotator "TA"]
[PlyCount "80"]
[EventDate "2018.08.25"]
[EventType "tourn"]
[EventCountry "GER"]
[SourceTitle "playchess.com"]
[Source "ChessBase"]
[SourceQuality "1"]

{[%evp 21,80,20,34,-5,0,-33,-33,-87,-86,-104,39,26,29,37,41,43,79,25,23,27,41,-12,41,0,18,0,0,0,0,0,0,0,0,0,0,0,0,0,0,0,0,-19,0,-29,0,0,56,61,79,103,107,104,109,64,157,122,111,61,68,69,29997]} 1. e4 e5 2. Nf3 Nf6 3. Nxe5 d6 4. Nf3 Nxe4 5. Nc3 Nxc3 6. dxc3 Be7 7. Be3 Nd7 8. Qd2 O-O 9. O-O-O Ne5 10. h4 {C42: Petroff Defence: 3 Nxe5 and unusual White 3rd moves} c6 11. Kb1 Qa5 {LiveBook: 8 Games} 12. b3 $146 ({Predecessor:} 12. Nxe5 dxe5 13. Bc4 b5 14. Bb3 Qc7 15. Bg5 a5 16. Bxe7 Qxe7 17. a4 Rb8 18. axb5 {½-½ (40) Caruana,F (2757)-Fridman,D (2667) Baden-Baden 2013}) 12... Re8 13. h5 Ng4 14. Bg5 (14. h6 $15 Nxe3 15. Qxe3) 14... Bxg5 $17 15. Nxg5 {[#]} Nxf2 (15... h6 $1 $17 16. Nf3 Nf6) 16. Qxf2 $14 Qxg5 17. Rxd6 Qe7 18. Qf4 Bf5 19. Bd3 (19. Bc4 $16) 19... Bxd3 $11 20. Rxd3 Rad8 21. Rf3 (21. Rxd8 $14 Rxd8 22. h6) 21... Rd6 (21... h6 $11) 22. Qg3 Re6 23. Kb2 h6 24. Rd1 Re5 25. Qh3 {Black should prevent Rd7.} Qg5 26. Qd7 R5e7 27. Qh3 Re2 28. Rg3 Qf4 29. Rf3 Qg5 30. Rg3 Qf4 31. Rf3 Qe5 32. Rdd3 Re1 {[#] ...Qg5 is the strong threat.} 33. Qd7 Qxh5 ({Black should try} 33... Qe7 $11) 34. Qxb7 $14 Qg5 {[%csl Ge1][%cal Rg5c1]} 35. Qxf7+ Kh8 {[%csl Ge1][%cal Rg5c1]} 36. Qf4 {Strongly threatening Qxg5.} Qxg2 37. Rg3 Qh2 (37... Qf1 $14 38. Qxf1 Rxf1) 38. Qc7 {[%csl Gg3][%cal Rc7g7]} R1e7 39. Qxc6 Re2 40. Ka3 $1 Rxc2 $2 {[%mdl 8192] Precision: White = 43%, Black = 31%.} (40... R2e6 $14 41. Qb7 R6e7) 1-0

[Event "WEM-IMT 2018"]
[Site "Illertissen"]
[Date "2018.08.25"]
[Round "1"]
[White "Kabisch, Thilo"]
[Black "Baburin, Alexander"]
[Result "0-1"]
[WhiteElo "2314"]
[BlackElo "2458"]
[Annotator "TA"]
[PlyCount "58"]
[EventDate "2018.08.25"]
[EventType "tourn"]
[EventCountry "GER"]
[SourceTitle "playchess.com"]
[Source "ChessBase"]
[SourceQuality "1"]

{[%evp 11,58,-12,0,-16,-8,-23,-21,-31,-26,-33,-27,-41,-19,-50,0,0,0,0,0,0,0,0,0,-51,0,0,0,0,0,0,4,0,4,5,5,3,3,0,0,-66,-29,-27,-28,-105,-102,-150,-145,-785,-783]} 1. d3 d5 2. g3 Nf6 3. Bg2 g6 4. f4 Bg7 5. Nf3 O-O 6. O-O b6 {LiveBook: 85 Games} 7. Nbd2 {A03: Bird's Opening with 1...d5} (7. c3 Bb7 8. Nbd2 c5 9. Qc2 Nc6 10. e4 d4 11. Re1 Rc8 12. c4 e5 13. Bh3 Rc7 14. f5 Bc8 15. g4 Ne8 {1-0 (25) Nakamura,H (2741)-Caruana,F (2709) Moscow 2010}) 7... Bb7 8. Ne5 Nbd7 9. Ndf3 {The position is equal.} c5 10. c3 Qc7 11. Qe1 $146 ({Predecessor:} 11. a4 a6 12. Qc2 Rac8 13. Nxd7 Nxd7 14. e4 dxe4 15. dxe4 {0-1 (41) Ricardi,P (2465)-Mareco,S (2565) Buenos Aires 2013}) 11... e6 12. h3 Nxe5 13. fxe5 Nd7 14. d4 f6 15. exf6 Nxf6 16. Bf4 Qe7 17. Ne5 (17. h4 $11) 17... Ne4 ({Better is} 17... Nh5 $15) 18. h4 Rac8 19. Bxe4 dxe4 20. Qd2 cxd4 21. cxd4 Qd8 22. Rf2 e3 23. Qxe3 Qd5 {[%csl Gb7][%cal Rd5h1] [#]} 24. Nf3 Rc2 $36 {[%mdl 2048] White is under pressure.} 25. Kh2 (25. b3 $11) 25... Qe4 26. Qxe4 Bxe4 27. Rc1 (27. Raf1 $1 $11) 27... Rxb2 28. Rc7 Rxa2 29. Nd2 $2 {[%mdl 8192] [#]} (29. Ng5 $17 Bd5 30. Nf3) 29... Rxd2 $1 {[%mdl 512] Precision: White = 35%, Black = 54%.} 0-1

[Event "WEM-IMT 2018"]
[Site "Illertissen"]
[Date "2018.08.26"]
[Round "2"]
[White "Ochsner, Bjorn Moller"]
[Black "Hirneise, Jens"]
[Result "1/2-1/2"]
[WhiteElo "2462"]
[BlackElo "2344"]
[Annotator "TA"]
[PlyCount "67"]
[EventDate "2018.08.25"]
[EventType "tourn"]
[EventCountry "GER"]
[SourceTitle "playchess.com"]
[Source "ChessBase"]
[SourceQuality "1"]

{[%evp 15,67,33,25,0,7,-35,8,4,0,-8,78,71,83,89,89,86,73,52,52,29,29,29,29,27,30,32,41,42,36,38,43,37,41,28,33,24,31,30,37,24,31,4,11,0,0,0,0,0,0,0,0,0,0,2]} 1. e4 c5 2. Nf3 d6 3. d4 cxd4 4. Nxd4 Nf6 5. Nc3 Bd7 6. Bg5 e6 7. Qd2 h6 {B56: Classical Sicilian: Unusual Lines} 8. Bxf6 Qxf6 {LiveBook: 12 Games} 9. f4 (9. Ndb5 Bxb5 10. Bxb5+ Nc6 11. O-O-O a6 12. Bxc6+ bxc6 13. f4 Qd8 14. g4 Qa5 15. h4 {½-½ (42) Leko,P (2714)-Li,C (2748) Szeged 2015 CBM 168 [Fischer,J]}) 9... Nc6 10. Nf3 Qd8 $146 (10... g5 $5) ({Predecessor:} 10... O-O-O 11. h4 Be7 12. O-O-O g6 13. Kb1 Qg7 14. Qe3 Kb8 {0-1 (53) Rau,U-Kupreichik,V (2453) Bad Woerishofen 2001}) 11. Nb5 Qb6 $1 12. a4 {[%cal Ba2a4,Ba4a5][%mdl 32]} a6 (12... Rd8 $1 $11) 13. a5 $16 Qd8 14. Nxd6+ Bxd6 15. Qxd6 Qf6 16. O-O-O O-O-O 17. g3 {aiming for Qc5.} Be8 18. Qa3 Rxd1+ 19. Kxd1 Qd8+ 20. Bd3 Qxa5 21. Qxa5 Nxa5 22. Ke2 Nc6 23. Ke3 Kc7 24. h4 f6 25. Rg1 Kd6 26. c3 Ke7 27. Nd4 Bd7 28. Rf1 g5 {The position is equal.} 29. hxg5 hxg5 30. Nf3 gxf4+ 31. gxf4 e5 32. Rg1 exf4+ 33. Kxf4 Rh7 34. Bc4 {Precision: White = 49%, Black = 79%.} 1/2-1/2

[Event "WEM-IMT 2018"]
[Site "Illertissen"]
[Date "2018.08.26"]
[Round "2"]
[White "Baburin, Alexander"]
[Black "Sinz, Bernhard"]
[Result "1-0"]
[WhiteElo "2458"]
[BlackElo "2377"]
[Annotator "TA"]
[PlyCount "45"]
[EventDate "2018.08.25"]
[EventType "tourn"]
[EventCountry "GER"]
[SourceTitle "playchess.com"]
[Source "ChessBase"]
[SourceQuality "1"]

{[%evp 22,45,38,18,59,59,52,56,53,53,60,60,82,85,101,111,177,206,274,272,446,423,1198,1197,1139,959]} 1. d4 d5 2. c4 e6 3. Nf3 c6 4. Qc2 dxc4 5. Qxc4 Nf6 6. g3 b5 7. Qc2 Bb7 8. Bg2 Nbd7 9. a4 c5 10. O-O Rc8 {D30: Queen's Gambit Declined: Systems without Nc3} (10... b4 11. Bg5 Rc8 12. Nbd2 Be7 13. Rfc1 h6 14. Bxf6 Nxf6 15. Qd3 O-O 16. Ne5 Bxg2 17. Kxg2 Qd5+ 18. Ndf3 cxd4 {½-½ (34) Radjabov,T (2724)-Ponomariov,R (2717) Tromsoe 2014}) 11. axb5 cxd4 12. Qd1 {LiveBook: 4 Games} e5 {The position is equal.} 13. Bg5 $146 ({Predecessor:} 13. e3 d3 14. Nc3 Qb6 15. e4 Nxe4 16. Nxe4 Bxe4 17. Nxe5 Bxg2 18. Re1 Nxe5 19. Rxe5+ {1-0 (48) Nestorovic,D (2425)-Ketzetzis,G (2253) Veliko Gradiste 2015}) 13... Bc5 14. Bxf6 gxf6 15. Nh4 Bxg2 16. Kxg2 Qb6 17. Nd2 {[%cal Bb1d2,Bd2e4,Be4c5][%mdl 32]} Qxb5 {[#]} 18. Ne4 $1 Rg8 (18... Rc7 $16) 19. Nf5 Qc6 {[#]} 20. Qd3 $1 Rb8 $2 (20... Rg4 {was worth a try.}) 21. Rfc1 $18 {White is clearly winning.} Rxb2 (21... Rg4 $142) 22. Qf3 Kf8 23. Nxc5 {Precision: White = 97%, Black = 15%.} 1-0

[Event "WEM-IMT 2018"]
[Site "Illertissen"]
[Date "2018.08.26"]
[Round "2"]
[White "Kvetny, Mark"]
[Black "Pikula, Dejan"]
[Result "0-1"]
[WhiteElo "2421"]
[BlackElo "2466"]
[Annotator "TA"]
[PlyCount "74"]
[EventDate "2018.08.25"]
[EventType "tourn"]
[EventCountry "GER"]
[SourceTitle "playchess.com"]
[Source "ChessBase"]
[SourceQuality "1"]

{[%evp 12,74,63,59,66,63,72,71,138,104,66,27,32,17,10,-37,-39,-68,-61,-60,-62,-75,-72,-122,-108,-238,-238,-240,-233,-233,-227,-253,-233,-671,-227,-215,-197,-197,508,-66,-65,-77,-75,-76,-67,-64,-63,-63,-63,-81,-86,-296,-8,-189,-179,-470,-470,-469,-469,-466,-462,-458,-456,-462,-470]} 1. c4 e5 2. Nc3 Nc6 3. Nf3 f5 4. g3 Nf6 (4... d6 5. d4 e4 6. d5 Ne5 7. Nxe5 dxe5 8. g4 g6 9. gxf5 gxf5 10. Rg1 Nf6 11. Bg5 Be7 12. e3 Rg8 {1-0 (27) Aronian,L (2793)-Ivanchuk,V (2738) Leuven 2017}) 5. d4 e4 6. Nh4 {A27: Englische Eröffnung (Holländische Struktur)} d5 7. Bg5 $1 {LiveBook: 9 Partien} dxc4 8. e3 $1 {Weiß steht etwas besser.} g6 9. Bxc4 {Droht stark Db3.} Bg7 ({Lieber} 9... Be7) 10. f3 exf3 11. Qxf3 Na5 $1 {[%cal Ra5c4]} 12. Bd3 O-O $146 13. Ng2 c5 14. O-O-O cxd4 15. exd4 Be6 $1 16. Nf4 Bf7 $1 17. h4 Rc8 $1 18. h5 (18. Bc2 $17) 18... Bxa2 $1 $19 {...Sb3+ ist eine echte Drohung.} ({Weniger gut wäre} 18... Qxd4 19. Bxf5 $1 {[%mdl 512]} Rxc3+ 20. bxc3 $17) 19. Bc2 Nb3+ 20. Bxb3+ Bxb3 21. hxg6 {[#]} Qa5 $1 {[%cal Ra5a1]} 22. Kb1 $2 (22. Bxf6 Qa1+ 23. Kd2 Qxb2+ 24. Ke1 Rxf6 25. gxh7+ Kh8 26. Rd3) 22... Rxc3 $2 (22... hxg6 23. Rh2 Ne4) 23. Qxc3 Qa2+ 24. Kc1 {[#] zielt auf Lxf6 ab.} Qa1+ (24... hxg6 $1 $19 {Und ...Se4 würde nun gewinnen.} 25. Rde1 Ne4 26. Rxe4 fxe4) 25. Kd2 $15 Qxd1+ $1 ({Vergiftet wäre} 25... Ne4+ $2 26. Ke3 $18) 26. Rxd1 Ne4+ 27. Kc1 Nxc3 28. gxh7+ Kf7 29. Rd3 $1 {[%cal Rd3c3]} Na2+ 30. Kd2 $1 Bc4 31. Ra3 $2 (31. Re3 $17 {war die einzige Verteidigung.} Re8 32. Rxe8 Kxe8 33. Nh5) 31... Nb4 $2 ({Günstiger ist} 31... Bxd4 $19 32. b3 Nc3 33. bxc4 Nb1+ 34. Kd3 Nxa3 35. Kxd4 Rc8) 32. Kc3 $2 (32. Ra5 $1 $11 Bxd4 33. Rxf5+ Ke8 34. Rxf8+ Kxf8 35. Ng6+ Ke8 36. h8=Q+ Bxh8 37. Nxh8) 32... Rc8 $19 {Droht ...Sd5+ und aus.} 33. Ra5 $2 (33. Kxb4 Bf8+ 34. Kc3 Ba6+ 35. Kb3 Bxa3 36. bxa3) 33... Nd5+ {Schwarz steht klar auf Gewinn.} 34. Kd2 Nxf4 35. Bxf4 Bxd4 36. Rxf5+ Kg6 37. Rg5+ Kxh7 {Precision: Weiß = 30%, Schwarz = 48%.} 0-1

[Event "WEM-IMT 2018"]
[Site "Illertissen"]
[Date "2018.08.26"]
[Round "2"]
[White "Kabisch, Thilo"]
[Black "Haba, Petr"]
[Result "1-0"]
[WhiteElo "2314"]
[BlackElo "2436"]
[Annotator "TA"]
[PlyCount "95"]
[EventDate "2018.08.25"]
[EventType "tourn"]
[EventCountry "GER"]
[SourceTitle "playchess.com"]
[Source "ChessBase"]
[SourceQuality "1"]

{[%evp 23,95,0,0,0,0,-17,-14,-16,0,-23,-12,-77,-82,-82,-68,-92,-79,-80,-100,-118,-93,-137,-67,-72,0,0,16,19,25,28,38,3,5,17,10,-5,0,0,7,0,0,0,42,0,0,0,0,0,0,0,25,24,102,109,95,108,112,116,234,222,287,278,257,258,246,241,764,769,738,727,725,735,709,702]} 1. e4 c6 2. d4 d5 3. Nc3 dxe4 4. Nxe4 Bf5 5. Ng3 Bg6 6. h4 h6 7. Nf3 Nd7 8. h5 Bh7 9. Bd3 Bxd3 10. Qxd3 e6 11. Bf4 Qa5+ 12. c3 Ngf6 {LiveBook: 47 Games} 13. Qe2 {B19: Classical Caro-Kann: 4...Bf5 main line} (13. Ne5 Nd5 14. Bd2 Nxe5 15. dxe5 Rd8 16. Qe2 Qb5 17. Qxb5 cxb5 18. a4 b4 19. Ne4 bxc3 20. bxc3 Be7 {½-½ (41) Makolli,P (2333)-Postny,E (2569) Antalya 2017}) 13... Be7 14. a4 $146 ({Predecessor:} 14. Ne5 O-O 15. O-O Rad8 16. Rfd1 Nxe5 17. Bxe5 Nd7 18. Bf4 Nf6 19. Be5 Nd7 20. b4 Qa6 21. Qxa6 bxa6 22. Bc7 Rc8 23. Ba5 Nf6 24. Re1 Rb8 {0-1 (24) Erenberg,A (2350)-Akhvlediani,I (2205) Khanty-Mansiysk 2016}) 14... O-O 15. b4 {The position is equal.} Qd8 16. O-O a5 17. Rfb1 (17. b5 $1 $11) 17... axb4 $17 18. cxb4 Nb6 19. a5 Nbd5 20. Bd2 Nc7 21. Qc4 Bd6 22. Ne5 Nfd5 ({Better is} 22... Nb5 $17 23. Rd1 Bc7) 23. Ne4 f5 (23... Nb5 $17) 24. Nc5 Bxe5 (24... Qh4 {seems wilder.} 25. Nf3 Qg4 26. Nxb7 Bf4 27. Ra2 Rfb8) 25. dxe5 Ra7 26. Ra3 f4 27. Qe2 Qe7 28. Qg4 Rf5 29. Re1 Rg5 30. Qe2 Nb5 31. Rd3 {Black should prevent Rxd5!} Ra8 32. g4 Rf8 (32... g6 $5 {[%cal Rg6h5]} 33. Rxd5 exd5 34. Bxf4 gxh5 35. Bxg5 Qxg5 $15) 33. f3 g6 $1 {[%cal Rg6h5]} 34. Ne4 gxh5 35. Nxg5 Qxg5 36. Qg2 Kh8 37. Kf2 Rg8 (37... Qh4+ $11 {keeps the balance.} 38. Ke2 Qg5) 38. Rh1 $16 Qg6 39. Qf1 hxg4 40. fxg4 Rf8 {[#]} (40... Qe4 $16 {might work better.}) 41. Rdh3 $1 $18 {[%cal Rh3h6]} Qe4 {intending ...Qd4+.} 42. Qd3 ({Much less strong is} 42. Rxh6+ $6 Kg7 $16) 42... Qxd3 43. Rxd3 Kg7 44. Rdh3 Ne3 $2 (44... Rh8 45. Ke2 Kg6) 45. Bxe3 {White is clearly winning.} fxe3+ 46. Kxe3 Nc7 47. Rxh6 {[#] aiming for Rh7+.} Nd5+ 48. Ke2 {Precision: White = 59%, Black = 46%.} 1-0

[Event "WEM-IMT 2018"]
[Site "Illertissen"]
[Date "2018.08.26"]
[Round "2"]
[White "Fischer, Sebastian"]
[Black "Krassowizkij, Jaroslaw"]
[Result "1/2-1/2"]
[WhiteElo "2292"]
[BlackElo "2439"]
[Annotator "TA"]
[PlyCount "92"]
[EventDate "2018.08.25"]
[EventType "tourn"]
[EventCountry "GER"]
[SourceTitle "playchess.com"]
[Source "ChessBase"]
[SourceQuality "1"]

{[%evp 16,92,92,91,150,156,164,156,162,143,229,249,239,95,124,146,128,83,189,195,202,122,124,122,119,107,106,107,100,0,0,0,91,100,91,94,109,0,0,0,0,0,0,0,0,0,0,0,0,0,0,0,0,0,0,0,0,0,0,0,0,0,0,0,0,0,0,0,0,0,0,0,0,0,0,0,0,0,0]} 1. d4 Nf6 2. Nf3 e6 3. Bf4 c5 4. e3 Qb6 5. Na3 d5 (5... cxd4 6. Nb5 Nd5 7. Qxd4 Qxd4 8. Nfxd4 Nxf4 9. Nc7+ Kd8 10. Nxa8 Nd5 11. Be2 b6 12. Bf3 Bb4+ {1-0 (51) Stocek,J (2560)-Navara,D (2732) Ostrava 2017}) 6. Nb5 {A46: 1 d4 Nf6 2 Nf3 e6: Torre, London and Colle Systems} Na6 7. a4 c4 8. c3 Bd7 9. b3 {LiveBook: 4 Games} Bxb5 (9... Qa5 $142) 10. axb5 $16 Qxb5 {Black wants to play ...Ne4.} 11. Nd2 Rc8 12. Rb1 $146 {bxc4 is the strong threat.} Qa5 (12... Qc6 $16) 13. bxc4 $18 Qxc3 14. cxd5 (14. c5 $18) 14... Nxd5 {Hoping for ...Bb4.} 15. Rxb7 Nac7 16. Bxc7 (16. Rxa7 $2 Nxf4 17. Bc4 (17. Qa4+ $2 Kd8 $19) 17... Bb4 $19) 16... Nxc7 (16... Rxc7 $16 {might work better.} 17. Bb5+ Kd8 18. Rb8+ Rc8 19. Rxc8+ Qxc8) 17. Qa4+ Kd8 18. Be2 a5 {[#]} 19. d5 $1 Qc1+ 20. Bd1 {aiming for 0-0.} Bb4 21. O-O Qxd2 22. Bf3 ({White should play} 22. Bg4 $16 Ke7 23. dxe6 (23. Rd1 Qc3 $16)) 22... Ke7 {White must now prevent ...Qc3.} 23. Qc6 $1 Rhd8 (23... Bd6 $11) 24. Rxc7+ $16 Rxc7 25. Qxc7+ Rd7 {[#]} 26. Qe5 ({Better is} 26. Qg3 $1 $16) 26... Qc3 $11 {The position is equal.} 27. Qe4 Rxd5 28. Qh4+ g5 29. Qxh7 Rd8 30. Bh5 Qf6 {Strongly threatening ...Rh8.} 31. Qe4 Qf5 32. Qc4 Qd5 33. Qc2 Qd3 34. Qc6 Rd6 35. Qb7+ Rd7 36. Qc6 Qd5 37. Qa4 Qe5 38. Rd1 Rxd1+ 39. Bxd1 Qb2 40. g3 Be1 41. Qc2 Qxc2 42. Bxc2 Kd6 43. Kf1 Bc3 44. h4 gxh4 45. gxh4 Kc5 46. Ba4 f5 {Precision: White = 71%, Black = 71%.} 1/2-1/2

[Event "WEM-IMT 2018"]
[Site "Illertissen"]
[Date "2018.08.27"]
[Round "3"]
[White "Pikula, Dejan"]
[Black "Ochsner, Bjorn Moller"]
[Result "0-1"]
[WhiteElo "2466"]
[BlackElo "2462"]
[Annotator "TA"]
[PlyCount "68"]
[EventDate "2018.08.25"]
[EventType "tourn"]
[EventCountry "GER"]

{[%evp 13,68,7,8,-3,-2,-51,-43,-65,-74,-50,-41,-40,-38,-49,-48,-43,-45,-46,-43,-44,-29,-31,-38,-29,-37,-37,-29,-25,0,-2,0,-34,-26,-36,0,-57,0,0,0,0,0,0,0,0,0,0,104,-19,-16,-12,0,0,904,889,5314,434,684]} 1. e4 c5 2. Nf3 e6 3. g3 Nc6 4. Bg2 Nf6 5. Qe2 (5. d3 d5 6. Nbd2 Be7 7. O-O O-O 8. Re1 b5 9. e5 Nd7 10. Nf1 Bb7 11. h4 Qc7 12. Bf4 Rfc8 13. Ne3 Qd8 14. Ng4 Bf8 15. Bg5 Qe8 16. c3 h6 17. Bf4 a5 18. Qd2 b4 19. c4 Ne7 20. h5 {1-0 (59) Kuzubov,Y (2699)-Grischuk,A (2772) Riadh 2017}) 5... e5 6. O-O {B40: Sizilianisch (Klassisches System mit e7-e6)} Be7 7. Nc3 d6 {LiveBook: 5 Partien} 8. d3 {Die Stellung ist ausgeglichen.} Bg4 9. Bg5 $146 ({Vorgänger:} 9. Be3 O-O 10. h3 Bxf3 11. Qxf3 Nd4 {½-½ (62) Martin,B (2035)-Burinda,G Miskolc 2008}) 9... Nxe4 10. dxe4 {Droht Lxe7 und aus.} Bxg5 11. Qb5 Rb8 12. Nxg5 Qxg5 13. Nd5 O-O 14. c3 a6 15. Qa4 Rfd8 16. Ne3 Bc8 17. Rad1 b5 18. Qc2 Be6 19. f4 Qh6 20. Rf3 exf4 ({Viel schlechter ist} 20... Bxa2 $6 21. b3 $16) 21. gxf4 f6 22. Rdf1 Qh5 23. Rg3 $1 {Und weiter mit e5 wäre nett.} Qe8 (23... Rbc8 {looks sharper.} 24. a4 Kh8 25. Kh1 bxa4 26. Qxa4 Qe2) 24. a3 ({Lieber} 24. Kh1 $11) 24... b4 (24... Kh8 $15) 25. axb4 $11 cxb4 26. Kh1 Kh8 27. Rg1 bxc3 28. bxc3 Ne7 29. Bf3 $36 {[%mdl 2048] Weiss hat Initiative.} Qf7 (29... g6 $11 {hält das Gleichgewicht.}) 30. Qg2 (30. Rxg7 $16 Qxg7 31. Rxg7 Kxg7 32. Qd1) 30... Rg8 31. f5 Bd7 32. Ng4 Qc4 $2 {[%mdl 8192]} (32... Rgd8 $11) 33. Rh3 $1 $18 {[%cal Rh3h7] Weiss will mit Txh7+! Matt setzen.} Nxf5 {[#]} 34. Ne3 (34. Rxh7+ $142 $1 {[%mdl 512]} Kxh7 35. exf5) 34... Qxc3 {[%mdl 32768] Precision: Weiß = 58%, Schwarz = 44%. . Loss on Time!?} ({Schlechter ist} 34... Nxe3 {[#]} 35. Rxh7+ $1 {[%mdl 512]} Kxh7 36. Qg6+ Kh8 37. Qh5#) (34... Nh4 $142) 0-1